000 01303nam a22003617a 4500
001 730
005 20240108090524.0
020 _a0394896955 (pbk.) :
_c$2.95
020 _a9780394896953
020 _a039499695X (lib. bdg.)
040 _aDLC
_cDLC
_dDLC
_beng
050 0 0 _aSF428.7
_b.S7 1989
082 0 0 _a636.7/3
_219
100 1 _aStandiford, Natalie.
245 1 4 _aThe bravest dog ever :
_bthe true story of Balto /
_cby Natalie Standiford ; illustrated by Donald Cook.
260 _aNew York :
_bRandom House,
_c1989.
300 _a48 pages :
_bcolor illustrations ;
_c23 cm.
490 1 _aStep into reading. A Step 3 book
505 _aL
520 _aRecounts the life of Balto, the sled dog who saved Nome, Alaska in 1925 from a diphtheria epidemic by delivering medicine through a raging snowstorm.
521 _a510
_bLexile
521 _aL
_bRaz-Plus
650 0 _aBalto (Dog)
_xJuvenile literature.
650 0 _aSled dogs
_zAlaska
_zNome
_xBiography
_xJuvenile literature.
650 0 _aDiphtheria
_zAlaska
_zNome
_xPrevention
_xJuvenile literature.
650 1 _aBalto (Dog)
650 1 _aSled dogs.
650 1 _aDogs.
650 1 _aDiphtheria.
700 1 _aCook, Donald
_c(Illustrator)
906 _a7
_bcbc
_corignew
_d1
_eocip
_f19
_gy-gencatlg
942 _2ddc
_cBK
_n0
999 _c730
_d730